00604 2200193 4500001002100000005001500021035002000036007000300056008004100059020002200100082001600122084002200138100001900160245011500179250001100294260003400305300003800339650003300377INLIS00000000000204820260228080607 a0010-0226000058ta260228 g 0 ind  a978-979-24-4733-0 a342.598 042 a342.598 042 AM p0 aAM ASA MANDIRI1 aPERATURAN PELAKSANAAN ADMINISTRASI KEPENDUDUKAN :bUNDANG - UNDANG ADMINISTRASI KEPENDUDUKAN /cAM ASA MANDIRI aCet. 1 aJakarta :bASA MANDIRI,c2007 aviii + 108 hlm :b- ;c12 x 21 cm aUNDANG - UNDANG KEPENDUDUKAN